000 00314nam a22001457a 4500
008 230705b ||||| |||| 00| 0 eng d
020 _a9780596157135
041 _aeng
080 _a004
082 _a004NIX
100 _a18
101 _aSHKI
245 _aPHP,MYSQL & JAVASCRIPT
_cNIXON .R
942 _2udc
_cBK
999 _c60090
_d60090